000 00325nam a2200133Ia 4500
008 191201s2008 xx 000 0 und d
100 _aBRAGG,Roberta
245 0 _aNetwork Security: The Complete Reference
250 _a9th Rep
260 _aN. Delhi
_bTMH
_c2008
300 _a854
650 _aB.Tech(CSE)
942 _2ddc
_cBK
999 _c4578
_d4578